| 000 | 00638nam a2200205 i 4500 | ||
|---|---|---|---|
| 001 | 128987 | ||
| 003 | ES-MaACL | ||
| 005 | 20230906193420.0 | ||
| 007 | t| | ||
| 008 | 070601s1956 sp ||||1| spa d | ||
| 080 | _a860.1"19" | ||
| 100 | 1 |
_aTejedo Beltrán, Juan Bautista. _9109569 |
|
| 245 | 1 | 0 |
_aObra poética / _cde Juan Bautista Beltrán. |
| 260 |
_aBurriana : _bAyuntamiento, _c1956. |
||
| 300 |
_a112 p. : _bil. ; _c21 cm. |
||
| 500 | _aPrecede al tít. : Agrupación Burrianense de Cultura. | ||
| 500 | _aRetrato del autor. | ||
| 710 | 2 |
_aAgrupación Burrianense de Cultura. _91280 |
|
| 852 |
_aES-MaACL _jC-12485 _bR.40091 |
||
| 999 |
_c128987 _d128987 |
||